Kabale University Library Catalogue

Marketing democracy : (Record no. 6040)

MARC details
000 -LEADER
fixed length control field 01154cam a22002654a 4500
005 - DATE AND TIME OF LATEST TRANSACTION
control field 20260205124535.0
008 - FIXED-LENGTH DATA ELEMENTS--GENERAL INFORMATION
fixed length control field 000324s2001 cau b s001 0 eng
020 ## - INTERNATIONAL STANDARD BOOK NUMBER
International Standard Book Number 0520225139
Qualifying information alk. paper
020 ## - INTERNATIONAL STANDARD BOOK NUMBER
International Standard Book Number 0520227689
Qualifying information pbk. : alk. paper
040 ## - CATALOGING SOURCE
Original cataloging agency KABLIB
Transcribing agency KABLIB
Description conventions rda
082 00 - DEWEY DECIMAL CLASSIFICATION NUMBER
Classification number 303.48
Edition number 23
Item number PAL
100 1# - MAIN ENTRY--PERSONAL NAME
Personal name Paley, Julia,
Dates associated with a name 1964-
9 (RLIN) 15284
245 10 - TITLE STATEMENT
Title Marketing democracy :
Remainder of title power and social movements in post-dictatorship Chile /
Statement of responsibility, etc. Julia Paley.
260 ## - PUBLICATION, DISTRIBUTION, ETC.
Place of publication, distribution, etc. Berkeley :
Name of publisher, distributor, etc. University of California Press,
Date of publication, distribution, etc. c2001.
300 ## - PHYSICAL DESCRIPTION
Extent xviii, 255 p. :
Other physical details ill. ;
Dimensions 23 cm.
504 ## - BIBLIOGRAPHY, ETC. NOTE
Bibliography, etc. note Includes bibliographical references (p. 235-244), index.
650 #0 - SUBJECT ADDED ENTRY--TOPICAL TERM
Topical term or geographic name entry element Social movements
Geographic subdivision Chile.
9 (RLIN) 15285
650 #0 - SUBJECT ADDED ENTRY--TOPICAL TERM
Topical term or geographic name entry element Power (Social sciences)
Geographic subdivision Chile.
9 (RLIN) 15286
650 #0 - SUBJECT ADDED ENTRY--TOPICAL TERM
Topical term or geographic name entry element Democracy
Geographic subdivision Chile.
9 (RLIN) 15287
651 #0 - SUBJECT ADDED ENTRY--GEOGRAPHIC NAME
Geographic name Chile
General subdivision Politics and government
Chronological subdivision 1988-
9 (RLIN) 15288
856 42 - ELECTRONIC LOCATION AND ACCESS
Materials specified Contributor biographical information
Uniform Resource Identifier <a href="http://www.loc.gov/catdir/bios/ucal052/00037405.html">http://www.loc.gov/catdir/bios/ucal052/00037405.html</a>
856 41 - ELECTRONIC LOCATION AND ACCESS
Materials specified Table of contents
Uniform Resource Identifier <a href="http://www.loc.gov/catdir/toc/ucal041/00037405.html">http://www.loc.gov/catdir/toc/ucal041/00037405.html</a>
856 42 - ELECTRONIC LOCATION AND ACCESS
Materials specified Publisher description
Uniform Resource Identifier <a href="http://www.loc.gov/catdir/description/ucal042/00037405.html">http://www.loc.gov/catdir/description/ucal042/00037405.html</a>
942 ## - ADDED ENTRY ELEMENTS (KOHA)
Source of classification or shelving scheme Dewey Decimal Classification
Koha item type Book
Holdings
Withdrawn status Lost status Source of classification or shelving scheme Damaged status Not for loan Home library Current library Shelving location Date acquired Source of acquisition Total Checkouts Full call number Barcode Date last seen Price effective from Koha item type
    Dewey Decimal Classification     Mukombe Library Mukombe Library Open Access Section 05.02.2026 Donation   303.48 PAL 14476 05.02.2026 05.02.2026 Book

Kabale University Library | Kabale University P.O Box 317, Kabale, Uganda
Tel : +256754017033, +256774661503 E-mail : library@kab.ac.ug